| 000 | 00442nam a2200169 a 4500 | ||
|---|---|---|---|
| 005 | 20210219152819.0 | ||
| 008 | 991125n 000 0 spa u | ||
| 035 | _aUPN01000062229 | ||
| 100 | _aLAKIN, Rita | ||
| 222 | _aEDUCACIÓN 2001 | ||
| 245 | _a44 Millones de Profesores : sus voces deben ser escuchadas | ||
| 300 | _a58-59 | ||
| 362 | _a1995 No.5 | ||
| 700 | _aRATTEREE, Bill, coaut. | ||
| 904 |
_aAC _b000040 |
||
| 905 | _aArticulo | ||
| 999 |
_c61587 _d61587 |
||